|
|
|
|
| LEADER |
00000cam a2200000 a 4500 |
| 001 |
vtls011708112 |
| 003 |
SK-MaSNL |
| 005 |
20260301094400.0 |
| 007 |
co cg auuua |
| 008 |
240314s2016 xo | fs 000 0 slo |
| 015 |
|
|
|a SNBS2017
|
| 020 |
|
|
|a 9788055810478
|q (elektronická kniha)
|
| 040 |
|
|
|a SNK
|b slo
|c SNK
|e AACR2
|
| 041 |
0 |
|
|a slo
|b eng
|
| 044 |
|
|
|a xo
|c SK
|
| 072 |
|
7 |
|a 37
|x Výchova a vzdelávanie
|2 konspekt
|
| 080 |
|
|
|a 37.091.12
|2 2011
|
| 080 |
|
|
|a 37.011.3-051
|2 2011
|
| 080 |
|
|
|a 37.017.4
|2 2011
|
| 080 |
|
|
|a 331.546
|2 2011
|
| 080 |
|
|
|a (082)
|2 2011
|
| 080 |
|
|
|a (0.034.44)
|2 2011
|
| 100 |
1 |
|
|a Jakubovská, Viera,
|d 1965-
|4 aut
|9 209062
|
| 245 |
1 |
0 |
|a Kompetencie učiteľov a ich overovanie (so zameraním na učiteľov občianskej náuky)
|h elektronický zdroj
|b vedecký zborník recenzovaných príspevkov
|c Jakubovská a kol.
|
| 250 |
|
|
|a Vydanie: prvé
|
| 260 |
|
|
|a Nitra
|b Univerzita Konštantína Filozofa v Nitre
|c 2016
|
| 300 |
|
|
|a 1 elektronický optický disk (CD-ROM)
|b fareb.
|c 12 cm
|
| 500 |
|
|
|a Názov z titulnej obrazovky
|
| 500 |
|
|
|a Nad názvom: Filozofická fakulta, Katedra filozofie
|
| 504 |
|
|
|a Bibliografické odkazy
|
| 516 |
|
|
|a Textový dokument (zborník), súbory vo formáte pdf
|
| 538 |
|
|
|a Technické požiadavky: PDF prehliadač
|
| 546 |
|
|
|a Abstrakty v angličtine
|
| 650 |
0 |
7 |
|a učitelia
|2 SNKPH
|9 3995
|
| 650 |
0 |
7 |
|a učiteľská profesia
|2 SNKPH
|9 74525
|
| 650 |
0 |
7 |
|a občianska náuka
|2 SNKPH
|9 207230
|
| 650 |
0 |
7 |
|a profesijné kompetencie
|2 SNKPH
|9 74959
|
| 650 |
0 |
7 |
|a Teachers
|2 SNKPHeng
|9 275931
|
| 650 |
0 |
7 |
|a Teacher career
|2 SNKPHeng
|9 270895
|
| 650 |
0 |
7 |
|a Civics
|2 SNKPHeng
|9 331339
|
| 650 |
0 |
7 |
|a Vocational qualifications
|2 SNKPHeng
|9 306683
|
| 655 |
|
7 |
|a elektronické zdroje
|2 SNKPH
|9 90954
|
| 655 |
|
7 |
|a CD-ROM
|2 SNKPH
|9 70236
|
| 655 |
|
7 |
|a zborníky
|2 SNKPH
|9 70165
|
| 655 |
|
7 |
|a Electronic resources
|2 SNKPHeng
|9 175546
|
| 655 |
|
7 |
|a Papers of several authors
|2 SNKPHeng
|9 153738
|
| 700 |
1 |
|
|a Jonášková, Gabriela,
|d 1956-
|4 aut
|9 209063
|
| 700 |
1 |
|
|a Predanocyová, Ľubica,
|d 1958-
|4 aut
|9 209064
|
| 700 |
1 |
|
|a Selická, Denisa,
|d 1972-
|4 aut
|9 16622
|
| 710 |
2 |
|
|a Univerzita Konštantína Filozofa v Nitre.
|b Filozofická fakulta.
|b Katedra filozofie
|9 180133
|
| 852 |
|
|
|a Štátna vedecká knižnica v Banskej Bystrici
|
| 919 |
|
|
|a 978-80-558-1047-8
|
| 958 |
|
|
|a NB
|
| 999 |
|
|
|c 680113
|d 682043
|
| 952 |
|
|
|a SNK
|b SNK
|y PREZ
|7 0
|p 17A1270715
|o snkSCDM 9529
|i snk2017/18829
|8 0
|0 0
|1 0
|4 0
|d 2017-08-23
|l 0
|r 2026-02-23 19:54:24
|w 2026-02-23
|
| 952 |
|
|
|t snkKOM 37
|a SNKMST
|b SNKMST
|y PREZ
|7 0
|p 17A1270711
|o snkSCDM 9529 D1
|i snk2017/18830
|8 0
|0 0
|1 0
|4 0
|d 2017-08-23
|l 0
|r 2025-08-11 00:00:00
|w 2026-02-23
|